ILLIT by Teaser Image - Statistics

General Stats
  • This quiz has been taken 73 times
  • The average score is 4 of 6
Answer Stats
Picture Answer % Correct
Not Cute Anymore
96%
bomb
77%
Super Real Me
75%
I'LL LIKE YOU
64%
Almond Chocolate
54%
Toki Yo Tomare
46%
No matching quizzes found
Score Distribution
Percent of People with Each Score
Percentile by Number Answered
Your Score History
You have not taken this quiz